Score 0/20 Timer 04:00
0 Plays Today
Rank Country % Correct
1China
94.4%
7France
89.2%
14Russia
89.2%
8Germany
87.4%
5Spain
85.3%
2Italy
84.4%
15Mexico
76.2%
13Argentina
70.6%
11Ukraine
68.8%
16Greece
68%
Rank Country % Correct
20Peru
61.5%
18Hungary
57.6%
6Egypt
52.8%
3Venezuela
51.1%
17Bulgaria
51.1%
19Colombia
51.1%
9Czech Republic
47.6%
4North Korea
38.1%
12Algeria
35.5%
10Sierra Leone
13.9%

You're not logged in!

Compare scores with friends on all Sporcle quizzes.
OR
Log In

Sporcle TV

Today on Sporcle TV


Watch our educational content, quiz creation guides, and fun videos on Sporcle TV.

Show Comments

Extras

Top Quizzes Today


Score Distribution

Paid Content

Your Account Isn't Verified!

In order to create a playlist on Sporcle, you need to verify the email address you used during registration. Go to your Sporcle Settings to finish the process.

Report this User

Report this user for behavior that violates our Community Guidelines.

Details: